Deutschland - Allgemeinwissen #1 - Statistiken

Allgemein
  • Dieses Quiz wurde 771 mal gespielt
  • Das Durchschnittsergebnis liegt bei 9 aus 20
Antwortstatistiken
Frage Antwort % Korrekt
Für was einen Sport steht der DFB? Fußball
84%
Wie heißen die Deutsche Schnellzüge? ICE
79%
Was ist die größte Stadt Sachsens? Leipzig
76%
Welcher Musiker ist für seine Pandamaske bekannt? Cro
75%
Welcher Bundeskanzler war am längsten im Amt? Helmut Kohl
70%
Wie viele Säulen hat Brandenburger Tor (Beide Seiten) ? 12
64%
Für was steht die Abkürzung von der Süßigkeit Hanuta? Haselnusstafel
59%
Was für ein Blatt ist auf den 1, und 5 Cent Münzen abgebildet? Eichenblatt
54%
In welcher Stadt hat Audi seinen Hauptsitz? Ingolstadt
49%
Welche ist die höchste Erhebung des Harz? Brocken
44%
Für welche Süßigkeit ist Lübeck bekannt? Marzipan
44%
Wer lebte auf der Wartburg als Junker Jörg? Martin Luther
43%
Welches Bundesland hat eine Kuh im Wappen? Mecklenburg-Vorpommern
32%
Wer ist der Deutsche Fußballrekordmeister der Frauen Bundesliga? 1.FFC Frankfurt
26%
Was ist das bekannteste Bier aus Bremen? Becks
25%
Wie heißt die Spinne aus Biene Maja? Thekla
18%
Was kennt der Ossi als Ketwurst? Currywurst
17%
Sigmund Jähn war der Erste, doch wer war der zweite Deutsche im All? Ulf Merbold
3%
Und in welcher Stadt davor? Zwickau
3%
Welche Hamburger Videospielschmiede steht hinter den Point'n Clicks "Edna bricht aus" und "Deponia"? Daedalic
1%
Keine übereinstimmenden Quizze gefunden
Verteilung der Resultate
Anzahl Personen mit jedem Resultat
Perzentil nach korrekt beantworteten Fragen
Ihre Resultats-Entwicklung
Sie haben dieses Quiz noch nicht gespielt